000
00322nam a22001337a 4500
008
170526b xxu||||| |||| 00| 0 eng d
020
_a
9783540569343
041
_a
eng
080
_a
004
100
_a
27
101
_a
SHKI
245
_a
STRUKTUR UND INTERPRETATION CON COMPUTER-PROGRAMMEN
_c
ABELSON. H
942
_2
udc
_c
BK
999
_c
14523
_d
14523